000 00449cam a2200181ua 4500
020 _cRs 8.00
041 _aeng
_h
082 _a661.88
_bBOS/IN
100 _aBose, H N .
245 _aIntroduction to Silicate industries /
_cH N Bose.
_hTextual Documents
250 _a /
_b.
260 _aBhagalpur :
_bCeramic Publishing House ,
_c1947.
300 _a84 ; .
365 _aRs 8.00
504 _a
942 _cBK
999 _c601
_d601